000 00554nam a2200169Ia 4500
008 090124s9999 xx 000 0 und d
020 _a81-88717-31-2
082 _b46851
245 _a गजल....दुष्यंत के बाद ( भाग -2)
250 _a1
260 _c2006
300 _a496
630 _a गजल....दुष्यंत के बाद ( भाग -2)
700 _aदीक्षित दनकौरी
730 _a गजल....दुष्यंत के बाद ( भाग -2)
942 _cBOOK
999 _c113078
_d113078